Central Library OPAC University of Rajshahi

Shakespeare's life and times ; (Record no. 17108)

MARC details
000 -LEADER
fixed length control field 00733nam a22002412a 4500
001 - CONTROL NUMBER
control field 17108
003 - CONTROL NUMBER IDENTIFIER
rucl marc code BD-RjUL
005 - DATE AND TIME OF LATEST TRANSACTION
control field 20211209000105.0
008 - FIXED-LENGTH DATA ELEMENTS--GENERAL INFORMATION
fixed length control field 500101s1968 enkabch 001 0beng d
035 ## - SYSTEM CONTROL NUMBER
System control number (BD-RjUL)17165
040 ## - CATALOGING SOURCE
Original cataloging agency DLC
Transcribing agency DLC
Modifying agency UKM
-- BD-RjUL
Language of cataloging eng
041 ## - LANGUAGE CODE
Language code of text/sound track or separate title eng
082 ## - DEWEY DECIMAL CLASSIFICATION NUMBER
Classification number 822.33
Author mark and year FRS 1967
100 1# - MAIN ENTRY--PERSONAL NAME
Personal name Frye, Roland Mushat.
9 (RLIN) 52779
245 10 - TITLE STATEMENT
Title Shakespeare's life and times ;
Remainder of title a pictorial record /
260 ## - PUBLICATION, DISTRIBUTION, ETC. (IMPRINT)
Place of publication, distribution, etc. London :
Name of publisher, distributor, etc. Faber,
Date of publication, distribution, etc. 1967.
300 ## - PHYSICAL DESCRIPTION
Pagination 127 p. :
Illustrations illus., coat of arms, facsims., map, ports. ;
Size 29 cm
600 10 - SUBJECT ADDED ENTRY--PERSONAL NAME
Personal name Shakespeare, William,
Dates associated with a name 1564-1616.
Personal name Shakespeare, William,
Dates associated with a name 1564-1616.
942 ## - ADDED ENTRY ELEMENTS (KOHA)
Source of classification or shelving scheme Dewey Decimal Classification
Koha item type Books
Holdings
Lost status Source of classification or shelving scheme Damaged status Not for loan Collection code Permanent Location Current Location Shelving location Date acquired Source of acquisition Cost, normal purchase price Total Checkouts Full call number Date last seen Copy number Koha item type
  Dewey Decimal Classification   Not For Loan Non-fiction Central Library, University of Rajshahi Central Library, University of Rajshahi Reading Room 18/08/1970 Zeittinger 95.00   822.33 FRS 1967 16/02/2014 C-1 Books